LEADER 00885nam0-22002891i-450- 001 990003985700403321 005 20031210132208.0 010 $a0-900983-62-0 035 $a000398570 035 $aFED01000398570 035 $a(Aleph)000398570FED01 035 $a000398570 100 $a20030922d--------km-y0itay50------ba 101 0 $aeng 200 1 $a<>aerodynamics and ventilation of vehicle tunnels$eA state of the art review and bibliography. BHRA fluid engineering series$evolume 2$fPursall B. R. 210 $aCranfield$cBHRA$d1976 610 0 $aventilazione 610 0 $atunnel 676 $a624'.19 700 1$aPursall,$bB. R.$0150460 801 0$aIT$bUNINA$gRICA$2UNIMARC 901 $aBK 912 $a990003985700403321 952 $a00 E1387$b2664$fDETEC 959 $aDETEC 996 $aAerodynamics and ventilation of vehicle tunnels$9474108 997 $aUNINA LEADER 01055nam0-22002771i-450- 001 990001851330403321 005 20080221141613.0 035 $a000185133 035 $aFED01000185133 035 $a(Aleph)000185133FED01 035 $a000185133 100 $a20030910d1932----km-y0itay50------ba 101 0 $aita 200 1 $a5. congresso mondiale di pollicoltura sotto l'alto patronato di S.M. il Re d'Italia con Esposizione ai Mercati di Traiano$eRoma, 6-15 settembre 1933$eannuncio provvisorio$fMinistero dell'Agricoltura e delle Foreste 210 $aRoma$cIstituto Poligrafico dello Stato$d1932 215 $a24 p.$d24 cm 610 0 $aAvicoltura 676 $a636.5 710 12$aCongresso mondiale di pollicoltura$d<5. ;$f1933 ;$eRoma>$0358196 801 0$aIT$bUNINA$gRICA$2UNIMARC 901 $aBK 912 $a990001851330403321 952 $a60 MISC. B 78/9$fFAGBC 959 $aFAGBC 996 $a5. congresso mondiale di pollicoltura sotto l'alto patronato di S.M. il Re d'Italia con Esposizione ai Mercati di Traiano$9413791 997 $aUNINA LEADER 01870nam 2200553 450 001 9910707886103321 005 20170322083438.0 035 $a(CKB)5470000002467694 035 $a(OCoLC)964672556 035 $a(EXLCZ)995470000002467694 100 $a20161201j200106 ua 0 101 0 $aeng 135 $aurbn||||||||| 181 $ctxt$2rdacontent 182 $cc$2rdamedia 183 $acr$2rdacarrier 200 12$aA wind tunnel study on the Mars Pathfinder (MPF) lander descent pressure sensor /$fJ. Francisco Soriano [and four others] 210 1$aKennedy Space Center, Florida :$cNational Aeronautics and Space Administration, John F. Kennedy Space Center,$dJune 2001. 215 $a1 online resource (25 pages) $cillustrations 225 1 $aNASA/TM ;$v2001-210253 300 $a"June 2001." 320 $aIncludes bibliographical references (page 25). 517 $aWind tunnel study on the Mars Pathfinder 606 $aMars Pathfinder$2nasat 606 $aMars surface$2nasat 606 $aOscillations$2nasat 606 $aPosition (location)$2nasat 606 $aScale models$2nasat 606 $aSimulation$2nasat 606 $aWind tunnel models$2nasat 606 $aWind tunnel tests$2nasat 606 $aPressure sensors$2nasat 615 7$aMars Pathfinder. 615 7$aMars surface. 615 7$aOscillations. 615 7$aPosition (location) 615 7$aScale models. 615 7$aSimulation. 615 7$aWind tunnel models. 615 7$aWind tunnel tests. 615 7$aPressure sensors. 700 $aSoriano$b J. Francisco$01391255 712 02$aJohn F. Kennedy Space Center, 801 0$bGPO 801 1$bGPO 906 $aBOOK 912 $a9910707886103321 996 $aA wind tunnel study on the Mars Pathfinder (MPF) lander descent pressure sensor$93493541 997 $aUNINA